|
|
|
|
| LEADER |
02205cas a2200277 a 4500 |
| 001 |
AALejournalIMF018839 |
| 008 |
230101c9999 xx r poo 0 0eng d |
| 020 |
|
|
|c 5.00 USD
|
| 020 |
|
|
|z 9781484382356
|
| 022 |
|
|
|a 1018-5941
|
| 040 |
|
|
|a BD-DhAAL
|c BD-DhAAL
|
| 100 |
1 |
|
|a Boeri, Tito.
|
| 245 |
1 |
0 |
|a Populism and Civil Society /
|c Tito Boeri, Prachi Mishra, Chris Papageorgiou, Antonio Spilimbergo.
|
| 264 |
|
1 |
|a Washington, D.C. :
|b International Monetary Fund,
|c 2018.
|
| 300 |
|
|
|a 1 online resource (42 pages)
|
| 490 |
1 |
|
|a IMF Working Papers
|
| 500 |
|
|
|a <strong>Off-Campus Access:</strong> No User ID or Password Required
|
| 500 |
|
|
|a <strong>On-Campus Access:</strong> No User ID or Password Required
|
| 506 |
|
|
|a Electronic access restricted to authorized BRAC University faculty, staff and students
|
| 520 |
3 |
|
|a Populists claim to be the only legitimate representative of the people. Does it mean that there is no space for civil society? The issue is important because since Tocqueville (1835), associations and civil society have been recognized as a key factor in a healthy liberal democracy. We ask two questions: 1) do individuals who are members of civil associations vote less for populist parties? 2)does membership in associations decrease when populist parties are in power? We answer thesequestions looking at the experiences of Europe, which has a rich civil society tradition, as well as of Latin America, which already has a long history of populists in power. The main findings are that individuals belonging to associations are less likely by 2.4 to 4.2 percent to vote for populist parties, which is large considering that the average vote share for populist parties is from 10 to 15 percent. The effect is strong particularly after the global financial crisis, with the important caveat that membership in trade unions has unclear effects.
|
| 538 |
|
|
|a Mode of access: Internet
|
| 700 |
1 |
|
|a Mishra, Prachi.
|
| 700 |
1 |
|
|a Papageorgiou, Chris.
|
| 700 |
1 |
|
|a Spilimbergo, Antonio.
|
| 830 |
|
0 |
|a IMF Working Papers; Working Paper ;
|v No. 2018/245
|
| 856 |
4 |
0 |
|z Full text available on IMF
|u http://elibrary.imf.org/view/journals/001/2018/245/001.2018.issue-245-en.xml
|z IMF e-Library
|